header

Instant highcharts (Record no. 149595)

MARC details
000 -LEADER
fixed length control field 01041nam a2200277Ia 4500
100 1# - MAIN ENTRY--AUTHOR NAME
Personal name Grandjean, Cyril.
245 10 - TITLE STATEMENT
Title Instant highcharts
260 ## - PUBLICATION, DISTRIBUTION, ETC. (IMPRINT)
Place of publication Birmingham, UK :
Name of publisher Packt Pub.,
Year of publication 2013.
300 ## - PHYSICAL DESCRIPTION
Number of Pages 35 p. :
Other physical details ill.
650 #0 - SUBJECT ADDED ENTRY--TOPICAL TERM
Topical Term Client/server computing.
Topical Term JavaScript (Computer program language)
856 40 - ELECTRONIC LOCATION AND ACCESS
Uniform Resource Identifier http://site.ebrary.com/lib/rucke/Doc?id=10742643

No items available.

© 2026 Rongo University
Contact us: librarian | system librarian | Rongo university